000 00797nam a2200205 4500
005 20240312152145.0
010 _aENG-139589
020 _c950.00
_a9789386771087
035 _aEN-123121
037 _bDBAD/PUB
082 _a883.08
245 _aSubramania Bharati Vol. II;
_cEdited by Sirpi Balasubramaniam ...[et.al]
_b(Essays and Stories)/
260 _aNew Delhi
_bSahitya Akademi
_c2017
270 _aRabindra Bhavan,35, Feroz Shah
_e110001
300 _a415p;
_c28cm(hb)
700 _aP. Marudayanayagam
_eTranslator
_963166
700 _aR. Ganapathy
_eTranslator
_963167
700 _aP. Raja
_eTranslator
_963168
942 _2ddc
_cEN
_mSUB
_h883.08
999 _c201430
_d201430